000 00769nam a2200205 a 4500
005 20140414132122.0
008 130215s19uu xx 00 eng d
020 _a9780316737371
050 _aFIC
_bCo874h 2003
100 _aCowell, Criselda
245 _aHow to train your dragon.
260 _aNew York :
_bLittle Brown and Company,
_c2003.
300 _a223p.
520 _aChronicles the adventures and misadventures of Hiccup Horrendous Haddock the Third as he tries to pass the important initiation test of the Viking clan, the tribe of the Hairy Hooligans, by catching ang training a dragon.
650 _aVikings-
_xjuvenile fiction.
650 _aDragons-
_xfiction.
650 _aVikings-
_xfiction.
650 _aHumorous stories.
999 _c115114
_d115114